21st Century Astronomy (Record no. 1433011)
[ view plain ]
| 000 -LEADER | |
|---|---|
| fixed length control field | 01593nam a22002657a 4500 |
| 005 - DATE AND TIME OF LATEST TRANSACTION | |
| control field | 20250626144454.0 |
| 008 - FIXED-LENGTH DATA ELEMENTS--GENERAL INFORMATION | |
| fixed length control field | 250626b |||||||| |||| 00| 0 eng d |
| 020 ## - INTERNATIONAL STANDARD BOOK NUMBER | |
| International Standard Book Number | 9780393877083 |
| 040 ## - CATALOGING SOURCE | |
| Original cataloging agency | CSL |
| Transcribing agency | CSL |
| 041 ## - LANGUAGE CODE | |
| Source of code | eng |
| Language code of text/sound track or separate title | eng |
| 084 ## - COLON CLASSIFICATION NUMBER | |
| Classification number | B9 R2 |
| Assigning agency | CSL |
| 100 ## - MAIN ENTRY--PERSONAL NAME | |
| Personal name | Palen, Stacy |
| Relator term | author. |
| 245 ## - TITLE STATEMENT | |
| Title | 21st Century Astronomy |
| Remainder of title | : Solar System |
| 250 ## - EDITION STATEMENT | |
| Edition statement | 7th ed. |
| 260 ## - PUBLICATION, DISTRIBUTION, ETC. | |
| Place of publication, distribution, etc. | New york : |
| Name of publisher, distributor, etc. | W W Norton & Company, |
| Date of publication, distribution, etc. | 2022. |
| 300 ## - PHYSICAL DESCRIPTION | |
| Extent | xxxi,710p. |
| Other physical details | : col.ill. |
| Dimensions | ; 27 cm. |
| 500 ## - GENERAL NOTE | |
| General note | Includes appendix and index. |
| 520 ## - SUMMARY, ETC. | |
| Summary, etc. | Comprehensive and authoritative, 21st Century Astronomy fosters scientific literacy by offering carefully crafted activities that help students apply the process of science to astronomy, the news, and the world. The 21st Century learning package provides the most up-to-date astronomy research, engaging students as they prepare for lecture, perform in-class activities, and complete meaningful homework assignments―both in person and online. Lead author Stacy Palen draws on her experience teaching at an open enrollment university to build intentionality and transparency into every aspect of the learning package, giving activities a clear purpose and making them easy to execute without special equipment. Norton’s service supports every instructor, every step of the way. |
| 650 ## - SUBJECT ADDED ENTRY--TOPICAL TERM | |
| Topical term or geographic name entry element | Solar system. |
| 650 ## - SUBJECT ADDED ENTRY--TOPICAL TERM | |
| Topical term or geographic name entry element | Astronomy. |
| 9 (RLIN) | 814718 |
| 650 ## - SUBJECT ADDED ENTRY--TOPICAL TERM | |
| Topical term or geographic name entry element | Planetary systems. |
| 9 (RLIN) | 814719 |
| 650 ## - SUBJECT ADDED ENTRY--TOPICAL TERM | |
| Topical term or geographic name entry element | cosmology. |
| 700 ## - ADDED ENTRY--PERSONAL NAME | |
| Personal name | Blumenthal , George |
| Relator term | co-author. |
| 9 (RLIN) | 814706 |
| 942 ## - ADDED ENTRY ELEMENTS (KOHA) | |
| Source of classification or shelving scheme | Colon Classification (CC) |
| Koha item type | Textual |
| Classification part | B9 R2 |
| Suppress in OPAC | No |
| Withdrawn status | Lost status | Source of classification or shelving scheme | Damaged status | Not for loan | Home library | Current library | Date acquired | Source of acquisition | Total Checkouts | Full call number | Barcode | Date last seen | Price effective from | Koha item type |
|---|---|---|---|---|---|---|---|---|---|---|---|---|---|---|
| Colon Classification (CC) | Central Science Library | Central Science Library | 2024-11-06 | Viva Books Private Limited | B9 R2 | SL1656022 | 2025-06-26 | 2025-06-26 | Textual |
